LIBRARY & INFORMATION CENTRE, KCAET, TAVANUR

ONLINE PUBLIC ACCESS CATALOGUE (OPAC)

Engineering hydrology / (Record no. 7262)

MARC details
000 -LEADER
fixed length control field 00388cam a2200169ua 4500
003 - CONTROL NUMBER IDENTIFIER
control field OSt
008 - FIXED-LENGTH DATA ELEMENTS--GENERAL INFORMATION
fixed length control field 241226b |||||||| |||| 00| 0 eng d
041 ## - LANGUAGE CODE
Language code of text/sound track or separate title eng
082 ## - DEWEY DECIMAL CLASSIFICATION NUMBER
Classification number 551.48
Item number VAR/EN
100 ## - MAIN ENTRY--AUTHOR NAME
Personal name Varshney, RS .
245 ## - TITLE STATEMENT
Title Engineering hydrology /
250 ## - EDITION STATEMENT
Edition statement 3 /
260 ## - PUBLICATION, DISTRIBUTION, ETC. (IMPRINT)
Place of publication :
Name of publisher Nem Chand And Bros ,
Year of publication 1986.
300 ## - PHYSICAL DESCRIPTION
Number of Pages 1012 ; .
500 ## - GENERAL NOTE
General note *CSS
942 ## - ADDED ENTRY ELEMENTS (KOHA)
Koha item type Books
Holdings
Withdrawn status Lost status Damaged status Home library Current library Date acquired Full call number Accession Number Koha item type Shelving location
      KAUAET KAUAET 07/04/2012 551.48 VAR/EN 19270 Books  
      KAUAET KAUAET 07/04/2012 551.48 VAR/EN 19278 Books  
      KAUAET KAUAET 07/04/2012 551.48 VAR/EN 19277 Books  
Withdrawn Lost and Paid For   KAUAET KAUAET 07/04/2012 551.48 19276 Books  
      KAUAET KAUAET 30/08/2018 551.48 VAR/EN 18998 Books Scheme
      KAUAET KAUAET 30/08/2018 551.48 VAR/EN 18999 Books Scheme
      KAUAET KAUAET 30/08/2018 551.48 VAR/EN 18997 Books Scheme
free website counter